书目信息 |
| 题名: |
花草图案集
|
|
| 作者: | 葛春学 绘画 | |
| 分册: | ||
| 出版信息: | 上海 上海人民美术出版社 1982 |
|
| 页数: | 231页 | |
| 开本: | 19cm | |
| 丛书名: | ||
| 单 册: | ||
| 中图分类: | J522.3 | |
| 科图分类: | ||
| 主题词: | 花卉画-图案--中国--现代 , 图案-花卉画--中国--现代 | |
| 电子资源: | ||
| ISBN: | 8081.12568 | |
| 000 | 00653nam0 2200241 450 | |
| 001 | 0182007770 | |
| 005 | 20100712220303.0 | |
| 010 | @a8081.12568@dCNY2.00 | |
| 091 | @a8081.12568 | |
| 100 | @a19950602d1982 em y0chiy0110 ea | |
| 101 | 0 | @achi |
| 102 | @aCN@b310000 | |
| 105 | @aa z 000yy | |
| 106 | @ar | |
| 200 | 1 | @a花草图案集@9Hua Cao Tu An Ji @f葛春学绘画 |
| 210 | @a上海@c上海人民美术出版社@d1982 | |
| 215 | @a231页@d19cm | |
| 606 | 0 | @a花卉画-图案@y中国@z现代 |
| 606 | 0 | @a图案-花卉画@y中国@z现代 |
| 690 | @aJ522.3@v3 | |
| 701 | 0 | @a葛春学@9ge chun xue@4绘画 |
| 801 | 0 | @aCN@bAzMarc@c20130904 |
| 905 | @aBZT@dJ522.3@e14@f1@sJ522.3/14 | |
| 花草图案集/葛春学绘画.-上海:上海人民美术出版社,1982 |
| 231页;19cm |
| ISBN 8081.12568:CNY2.00 |
| ● |
| 相关链接 |
|
|
|
正题名:花草图案集
索取号:J522.3/14
 
预约/预借
| 序号 | 登录号 | 条形码 | 馆藏地/架位号 | 状态 | 备注 |
| 1 | 2000089506 | 2000089506 | 旧书回溯/ [索取号:J522.3/14] | 在馆 |